Student`s handbook of American literature (Record no. 7479)

MARC details
000 -LEADER
fixed length control field 00534cam a2200205ua 4500
001 - CONTROL NUMBER
control field 8374
005 - DATE AND TIME OF LATEST TRANSACTION
control field 20260515114328.0
008 - FIXED-LENGTH DATA ELEMENTS--GENERAL INFORMATION
fixed length control field 150129n ii |||gr||||Z||||||eng
040 ## - CATALOGING SOURCE
Transcribing agency MAIN
041 ## - LANGUAGE CODE
Language code of text/sound track or separate title eng
082 ## - DEWEY DECIMAL CLASSIFICATION NUMBER
Classification number 810
100 ## - MAIN ENTRY--PERSONAL NAME
Personal name Narasimhaiah, C. D.,
Relator term Editor.
245 1# - TITLE STATEMENT
Title Student`s handbook of American literature
Statement of responsibility, etc. Edited by C. D. Narasimhaiah
250 ## - EDITION STATEMENT
Edition statement 1st.
260 ## - PUBLICATION, DISTRIBUTION, ETC.
Place of publication, distribution, etc. New Delhi:
Name of publisher, distributor, etc. Kalyani,
Date of publication, distribution, etc. 1997.
300 ## - PHYSICAL DESCRIPTION
Extent 394p.
653 ## - INDEX TERM--UNCONTROLLED
Uncontrolled term American literature in English
653 ## - INDEX TERM--UNCONTROLLED
Uncontrolled term American literature
942 ## - ADDED ENTRY ELEMENTS (KOHA)
Koha item type Books
Holdings
Withdrawn status Lost status Damaged status Not for loan Home library Current library Shelving location Date acquired Total checkouts Full call number Barcode Date last seen Date last checked out Copy number Price effective from Koha item type
        Naharkatiya College Library Naharkatiya College Library General stacks 09/19/2020 1 810 | STU 5228 08/23/2022 08/13/2022 1 09/19/2020 Books